| 000 | 00798nam a2200205Ia 4500 | ||
|---|---|---|---|
| 003 | GCL | ||
| 008 | 140319s9999 xx 000 0 ara d | ||
| 040 |
_aGCL / _cGCL |
||
| 082 | 0 | 4 |
_a818.02 _bا ا |
| 100 | 1 | _aابن ابى عون : ابو اسحاق ابراهيم بن محمد بن ابى عون احمد بن المنجم | |
| 245 | 1 | 0 |
_aالاجوبة المسكتة / _cابن ابى عون : ابو اسحاق ابراهيم بن محمد بن ابى عون احمد بن المنجم |
| 700 | 1 | _aمى احمد يوسف | |
| 490 |
_aالهيئة العامة للاستعلامات _v0 |
||
| 650 | 0 | 4 | _aالسخرية |
| 650 | 0 | 4 | _aالامثال |
| 650 | 0 | 4 | _aالفلاسفة |
| 650 | 0 | 4 | _aالامثال - اليونان |
| 650 | 0 | 4 | _aالسخرية - فلسفة |
| 942 |
_2ddc _cBK |
||
| 999 |
_c50607 _d50607 |
||